| 000 | 00670nam a2200229 a 4500 | ||
|---|---|---|---|
| 001 | 2153527 | ||
| 005 | 20250303094657.0 | ||
| 008 | 981112s1998 moua b 001 0 eng | ||
| 020 | _a9780815145158 | ||
| 050 | 0 | 0 |
_aRM301 _b.H33 1998 |
| 082 | 0 | 0 |
_a615/.1 _221 |
| 100 | 1 | _aMcKenry, Leda M. | |
| 245 | 1 | 0 |
_aMosby's pharmacology in nursing / _cLeda M. McKenry, Evelyn Salerno. |
| 250 | _a20th ed. | ||
| 260 |
_aSt. Louis, Mo. : _bMosby, _cc1998. |
||
| 300 |
_axx, 1180 p. : _bill. (some col.) ; _c28 cm. |
||
| 650 | 0 | _aPharmacology. | |
| 650 | 0 | _aNursing. | |
| 650 | 2 |
_aPharmacology _xnurses' instruction. |
|
| 700 | 1 | _aSalerno, Evelyn. | |
| 942 |
_2lcc _cBK _e20th ed. _n0 |
||
| 999 |
_c4467 _d4467 |
||